Match the Country to its Personification - Statistics

General Stats
  • This quiz has been taken 86 times
  • The average score is 15 of 20
Answer Stats
Hint Answer % Correct
United Kingdom Britannia
95%
Mongolia Genghis Khan
93%
Greece Hellas
92%
United States Columbia
91%
France Marianne
89%
Bangladesh Bangamata
88%
Switzerland Helvetia
88%
India Bharat Mata
85%
Serbia Majka Srbija
82%
Iceland Fjallkonan
81%
Finland Suomi-neito
81%
Croatia Mati Hrvatska
77%
China Yudi
76%
Albania Nëna Shqipëria
72%
Philippines Juan dela Cruz
69%
Georgia Kartlis Deda
61%
Armenia Mayr Hayastan
58%
Portugal Zé Povinho
55%
Suriname Mama Sranan
50%
Indonesia Ibu Pertiwi
47%
No matching quizzes found
Score Distribution
Percent of People with Each Score
Percentile by Number Answered
Your Score History
You have not taken this quiz